000 00480nam a2200181 4500
003 SEACOMEC
005 20240806161428.0
008 240212b |||||||| |||| 00| 0 eng d
020 _cRs.290.00
040 _aSEACOMEC
082 _a658.4034
_bJ59
100 _aJhamb,L.C.
245 1 _aQuantitative technique:for managerial decision .- Vol-1
_cL.C. Jhamb
250 _a13th rev.ed.
260 _aPune
_bEverest
_c2004
650 _aTechnology,Executive management
942 _cBOOK
999 _c628
_d628